LEADER 05060nam 2200661Ia 450 001 9910778611203321 005 20230607203416.0 010 $a0-309-17139-3 010 $a1-280-18509-0 010 $a9786610185092 010 $a0-309-56761-0 035 $a(CKB)110986584753278 035 $a(EBL)3377205 035 $a(SSID)ssj0000279270 035 $a(PQKBManifestationID)11227266 035 $a(PQKBTitleCode)TC0000279270 035 $a(PQKBWorkID)10260477 035 $a(PQKB)10422544 035 $a(MiAaPQ)EBC3377205 035 $a(Au-PeEL)EBL3377205 035 $a(CaPaEBR)ebr10068442 035 $a(CaONFJC)MIL18509 035 $a(OCoLC)923269014 035 $a(EXLCZ)99110986584753278 100 $a20010810d2001 uy 0 101 0 $aeng 135 $aur|n|---||||| 181 $ctxt 182 $cc 183 $acr 200 10$aEvaluating chemical and other agent exposures for reproductive and developmental toxicity$b[electronic resource] /$fSubcommittee on Reproductive and Developmental Toxicology, Committee on Toxicology, Board on Environmental Studies and Toxicology, Commission on Life Sciences, National Research Council 210 $aWashington, D.C. $cNational Academy Press$dc2001 215 $a1 online resource (262 p.) 225 1 $aCompass series 300 $aDescription based upon print version of record. 311 $a0-309-07316-2 320 $aIncludes bibliographical references (p. 92-114). 327 $a""EVALUATING CHEMICAL AND OTHER AGENT EXPOSURES FOR REPRODUCTIVE AND DEVELOPMENTAL TOXICITY""; ""Copyright""; ""Preface""; ""Contents""; ""Abbreviations""; ""EVALUATING CHEMICAL AND OTHER AGENT EXPOSURES FOR REPRODUCTIVE AND DEVELOPMENTAL TOXICITY""; ""Summary""; ""CONCLUSIONS AND RECOMMENDATIONS""; ""Evaluative Process""; ""Assessing the Available Data""; ""Integration of Toxicity and Exposure Information""; ""Insufficient Data Sets""; ""Application of the Evaluative Process""; ""Sources of Information""; ""Research Recommendations""; ""1 Introduction ""; ""SUBCOMMITTEE'S TASK"" 327 $a""ORGANIZATION OF THE REPORT""""2 The Evaluative Process: Part I. Assessing the Available Data ""; ""PRINCIPLES AND OBJECTIVES""; ""Use of Data and Judgment""; ""Weight of Evidence""; ""Threshold Assumption""; ""Narrative Statement""; ""Certainty""; ""Use All Relevant, Acceptable Data""; ""Qualities and Limitations of Reproductive and Developmental Toxicity Studies""; ""Characterizing Data""; ""Expert Review Team""; ""GENERAL DESCRIPTION""; ""DETAILS OF THE EVALUATIVE PROCESS""; ""Exposure Data""; ""General Toxicological and Biological Parameters""; ""Chemistry""; ""Basic Toxicity"" 327 $a""Acute Studies""""Repeated-Dose Studies""; ""Genetic Toxicity""; ""Pharmacokinetics""; ""Reproductive and Developmental Toxicity""; ""Human Data""; ""Weighing the Evidence""; ""Case Reports and Clinical Series""; ""Assessing Causality in Human Studies""; ""Experimental Animal Toxicity""; ""Utility and Limitations""; ""Adverse Effect""; ""3 The Evaluative Process: Part II. Integration of Toxicity and Exposure Information ""; ""INTERPRETATION OF TOXICITY DATA""; ""Default Assumptions To Be Considered in Assessing Reproductive and Developmental Toxicity Risk""; ""Absorption"" 327 $a""Cross-Species Extrapolation""""Exposure Duration""; ""Windows of Vulnerability""; ""Additivity""; ""QUANTITATIVE EVALUATION""; ""Identification of the NOAEL and LOAEL""; ""Calculation of the Benchmark Dose""; ""Duration Adjustment""; ""Uncertainty Factors""; ""Calculation of the Unlikely Effect Level""; ""Calculation of the Margin of Exposure (MOE)""; ""Assessing a Degree of Concern""; ""Application of Reproductive and Developmental Toxicity Data to Various Exposure Scenarios""; ""Critical Data Needs""; ""SUMMARY""; ""4 Incomplete or Insufficient Data Sets "" 327 $a""PRINCIPLES TO MINIMIZE RISK""""PRACTICAL APPLICATION""; ""REDUCING UNCERTAINTY""; ""5 Recommendations ""; ""GENERAL RECOMMENDATIONS""; ""RESEARCH RECOMMENDATIONS""; ""References""; ""Appendixes""; ""Appendix A Application of the Recommended Evaluative Process to Specific Chemicals ""; ""JP-8 JET FUEL""; ""Exposure Data""; ""General Toxicological and Biological Parameters""; ""Lethality""; ""Acute Studies""; ""Human Studies""; ""Experimental Animal Studies""; ""Repeated-Dose Studies""; ""Human Studies""; ""Experimental Animal Studies""; ""Cancer""; ""Genetic Toxicity"" 327 $a""Disposition and Pharmacokinetics"" 410 0$aCompass series (Washington, D.C.) 606 $aReproductive toxicology 606 $aDevelopmental toxicology 606 $aToxicity testing 615 0$aReproductive toxicology. 615 0$aDevelopmental toxicology. 615 0$aToxicity testing. 676 $a616.6/5071 801 0$bMiAaPQ 801 1$bMiAaPQ 801 2$bMiAaPQ 906 $aBOOK 912 $a9910778611203321 996 $aEvaluating chemical and other agent exposures for reproductive and developmental toxicity$93768953 997 $aUNINA